Las Condiciones de vida de los inmigrantes /
Guardado en:
| Autor principal: | |
|---|---|
| Formato: | Texto |
| Materias: | |
| Etiquetas: |
Agregar Etiqueta
Sin Etiquetas, Sea el primero en etiquetar este registro!
|
MARC
| LEADER | 00000 a a2200000 04500 | ||
|---|---|---|---|
| 001 | 18559 | ||
| 003 | |||
| 040 | |||
| 100 | |a Rojas Flores, Oscar | ||
| 245 | |a Las Condiciones de vida de los inmigrantes / |c Oscar Rojas Flores | ||
| 650 | |a MIGRACION | ||
| 650 | |a SISTEMAS ECONOMICOS | ||
| 650 | |a CONDICIONES DE TRABAJO | ||
| 650 | |a POBREZA | ||
| 773 | |g número 38; páginas 117-141 | ||
| 999 | |c 23840 |d 23840 | ||
